| 000 | 01722nam a22002657a 4500 | ||
|---|---|---|---|
| 003 | GR-AtMCL | ||
| 005 | 20251127170450.0 | ||
| 006 | a|||||r||||||||||| | ||
| 008 | t20202020enka b 001 0 eng d | ||
| 020 | _a9781787394599 | ||
| 040 |
_aGR-AtMCL _beng _dGR-AtMCL |
||
| 100 |
_aGraves, Laia Farran _910165 |
||
| 245 | 1 | 0 |
_aLittle book of Prada: _bthe story of the iconic fashion house/ _cLaia Farran Graves. |
| 246 | 3 | _aPrada | |
| 264 | 1 |
_aLondon : _bWelbeck, _c2020. |
|
| 300 |
_a160 p. : _billustrations (black and white, and colour) ; _c19 cm. |
||
| 490 | 0 | _aLittle guides to style collection | |
| 500 | _a"Unofficial and unauthorized."--Cover. | ||
| 504 | _aIncludes bibliographical references and index. | ||
| 520 | _aLittle Book of Prada is the pocket-sized and beautifully illustrated story of the legendary fashion house. Understated elegance and luxury, technologically advanced fabrics and sublime originality of design are all hallmarks of the House of Prada. In this miniature monograph, Laia Farran Graves documents the history and heritage of the brand, from the company's origins as a leather-goods manufacturer to the global fashion empire created by Miuccia Prada. Little Book of Prada explores the evolutions and innovations of the brand, as well as a design ethos informed by an interest in minimalism and contemporary art. Images of individual garments, catwalk shots and fashion photography pay tribute to one of the world's most influential fashion houses and the woman behind it, in a perfectly designed and stylish format that makes a perfect gift for any lover of fashion. | ||
| 650 | 0 |
_aFashion _99926 |
|
| 650 | 0 |
_aFashion design _910081 |
|
| 942 | _cBK | ||
| 999 |
_c9969 _d9969 |
||